Herbert Weichmann zum Gedächtnis

Titel: Herbert Weichmann zum Gedächtnis : Hamburg nimmt Abschied von seinem Bürgermeister / hrsg. von Hans Fahning
Beteiligt:
Festschrift für:
Veröffentlicht: Hamburg : Knaus, c 1983
Umfang: 70 S. : Ill.
Format: Buch
Sprache: Deutsch
Schlagworte:
ISBN: 3813501787
Buchumschlag
X
alg: 2790774
001A    $06000:27-01-94 
001B    $01999:18-10-24 $t18:26:57.000 
001C    $03032:03-01-11 $t15:06:31.000 
001D    $00026:12-04-05 
001U    $0utf8 
001X    $00 
002@    $0Aay 
003@    $0027907740 
003O    $012180310 $aOCoLC 
004A    $03-8135-0178-7 
006G    $0840452373 
006U    $084,A18,1129 
007A    $0840452373 $aDNB 
010@    $ager 
011@    $a1983 $nc 1983 
013H    $0z 
015@    $0Z 
021A    $a@Herbert Weichmann zum Gedächtnis $dHamburg nimmt Abschied von seinem Bürgermeister $hhrsg. von Hans Fahning 
028C    $BHrsg. $D20231015 $Ecgwrk $7105314730 $8Fahning, Hans$Z1925-2003 [Tp1] $9140387102 
028F    $#Weichmann, Hermann $7118630008 $8Weichmann, Herbert$Z1896-1983 [Tp1] $9086970941 
033A    $pHamburg $nKnaus 
034D    $a70 S. 
034M    $aIll. 
044F    $cWeichmann, Herbert 
044K    $#Weichmann, Hermann $7118630008 $8Weichmann, Herbert$Z1896-1983 [Tp1] $9086970941 
045E    $a63 

lok: 2790774 24

exp: 2790774 24 1 #EPN
201B/01 $020-03-18 $t15:41:33.000 
201C/01 $012-03-18 
201U/01 $0utf8 
203@/01 $01019635541 
208@/01 $a20-03-18 $bz 
209A/01 $a18.01579 $du $f050 $h18 01579 $x00 
209C/01 $a18.01579 G $h18 01579 G 
209G/01 $a73912652 $x00 
220C/01 $ahae 
247C/01 $8358050-7 Marburg, Bibliothek des Herder-Instituts Marburg $9102600961 

lok: 2790774 74

exp: 2790774 74 1 #EPN
201B/01 $004-09-17 $t11:44:30.000 
201C/01 $004-09-17 
201U/01 $0utf8 
203@/01 $01006649808 
208@/01 $a04-09-17 $bz 
209A/01 $aU 148/9 $ds $f000 $x00 
209C/01 $a20/2017 
245Z/01 $aU 000148/00009 $x01 
247C/01 $8618460-1 <460>Darmstadt, Hessisches Staatsarchiv Darmstadt, Bibliothek $9102600937 

lok: 2790774 78

exp: 2790774 78 1 #EPN
201B/01 $020-10-25 $t13:18:12.000 
201C/01 $020-10-25 
201U/01 $0utf8 
203@/01 $0132016613X 
208@/01 $a20-10-25 $be 
209A/01 $a/ $f000 $x00 
209A/01 $ab*p $x01 
220C/01 $apgar 
244Z/01 $#Schlesien $#Schlesien $#Herzogtum Schlesien $#Herzogtum Schlesien Schlesien $#Provinz Schlesien $#Śla̜sk $#Slezsko $#Silesia $74052678-1 $8--Tg1--Schlesien $x02 $9085146781 
247C/01 $82080>Marburg/Lahn, Herder-Institut, Forschungsbibliothek, Bibliographieportal $9336309341 

lok: 2790774 204

exp: 2790774 204 1 #EPN
201B/01 $003-05-05 $t16:15:37.000 
201C/01 $012-04-05 
203@/01 $0240559215 
208@/01 $a03-05-05 $bzUB 
209A/01 $a21.970.18 $du $f000 $h21 970 18 $x00 
209G/01 $a21970182 $x00 
245S/01 $a04000 $x01 
247C/01 $8631000-x <26>Gießen, Universität Gießen, Universitätsbibliothek Gießen $9102596697 
201U/01 $0utf8 

lok: 2790774 205
101B    $003-08-95 $t01:04:12.994 
107F    $0046314059 
101U    $0utf8 

exp: 2790774 205 1 #EPN
201B/01 $008-03-06 $t22:11:00.000 
203@/01 $0046314067 
208@/01 $a27-01-94 $bh 
209A/01 $aWp 89/5092 $du $f000 $x00 
209G/01 $a25135830 $x00 
247C/01 $8351000-1 <4>Marburg, Universität Marburg, Universitätsbibliothek $9102594767 
201U/01 $0utf8
LEADER 00000cam a22000002c 4500
001 027907740
003 DE-603
005 20241018182657.0
007 tu
008 940127s1983 xx |||| | u00||u|ger
015 |a 84,A18,1129  |2 dnb 
016 7 |2 DE-101  |a 840452373 
020 |a 3813501787 
035 |a (DE-599)DNB840452373 
035 |a (OCoLC)12180310 
040 |a DE-603  |b ger  |c DE-603  |d DE-603 
041 |a ger 
084 |a 63  |q DE-101  |2 sdnb 
245 0 0 |a Herbert Weichmann zum Gedächtnis  |b Hamburg nimmt Abschied von seinem Bürgermeister  |c hrsg. von Hans Fahning 
264 1 |a Hamburg  |b Knaus  |c c 1983 
300 |a 70 S.  |b Ill. 
600 1 7 |a Weichmann, Herbert  |d 1896-1983  |0 (DE-588)118630008  |0 (DE-603)086970941  |2 gnd 
600 1 7 |a Weichmann, Herbert  |2 local 
700 1 |a Fahning, Hans  |d 1925-2003  |e Hrsg.  |4 edt  |0 (DE-603)140387102  |0 (DE-588)105314730  |2 gnd 
700 1 |a Weichmann, Herbert  |d 1896-1983  |e Gefeierter  |4 hnr  |0 (DE-603)086970941  |0 (DE-588)118630008  |2 gnd 
924 0 |9 Mb 50  |a (DE-603)1019635541  |b DE-Mb50  |c HES  |d c  |g 18.01579 
924 0 |9 460  |a (DE-603)1006649808  |b DE-460  |c HES  |d d  |g U 148/9 
924 0 |9 2080  |a (DE-603)132016613X  |b DE-2080  |c HES  |d d  |g / 
924 0 |9 26  |a (DE-603)240559215  |b DE-26  |c HES  |d c  |g 21.970.18 
924 0 |9 4  |a (DE-603)046314067  |b DE-4  |c HES  |d c  |g Wp 89/5092